[Event "ESP-ch 88th"]
[Site "Marbella"]
[Date "2023.10.20"]
[Round "8"]
[White "Garcia Romero, Benjamin Abel"]
[Black "Suarez Gomez, Paula"]
[Result "0-1"]
[WhiteElo "2233"]
[BlackElo "1770"]
[PlyCount "130"]
[EventDate "2023.10.13"]
[EventType "swiss"]
[EventRounds "9"]
[EventCountry "ESP"]
[SourceTitle "Mega2024 Update 01"]
[Source "Chessbase"]
[SourceDate "2023.11.12"]
[SourceVersion "1"]
[SourceVersionDate "2023.11.12"]
[SourceQuality "1"]

1. d4 d5 2. c4 e6 3. Nc3 Nf6 4. cxd5 exd5 5. Bg5 Be7 6. e3 0-0 7. Bd3 h6 8. Bh4 Re8 9. Qc2 c5 10. Nf3 Nc6 11. 0-0 Nb4 12. Qd1 Nxd3 13. Qxd3 c4 14. Qc2 Be6 15. Ne5 Qc8 16. f3 Rb8 17. a4 b6 18. e4 a6 19. Ne2 g5 20. Bg3 Nh5 21. exd5 Bxd5 22. Ng4 Nxg3 23. Nxh6+ Kf8 24. Nxg3 Bf6 25. Rae1 Bxd4+ 26. Kh1 Qc6 27. Qd2 Bf6 28. Nh5 Rxe1 29. Rxe1 c3 30. bxc3 Bxf3 31. gxf3 Qxf3+ 32. Kg1 Rd8 33. Qe2 Qxe2 34. Rxe2 Bxc3 35. Nf5 Rd5 36. Nhg3 Rd1+ 37. Nf1 b5 38. axb5 axb5 39. Ra2 f6 40. Ra7 b4 41. Rb7 Rb1 42. Kg2 b3 43. N1g3 b2 44. Ne4 Be5 45. Nc5 Rd1 46. Ne6+ Kg8 47. Nh6+ Kh8 48. Nf8 b1Q 49. Nf7+ Kg7 50. Rxb1 Rxb1 51. Nxe5 Kxf8 52. Nf3 Rb4 53. h3 g4 54. hxg4 Rxg4+ 55. Kf2 Ra4 56. Kg3 Kf7 57. Ne1 Ke6 58. Ng2 Ke5 59. Kf3 Ra3+ 60. Kg4 f5+ 61. Kh4 Ke4 62. Ne1 Ra2 63. Kg3 f4+ 64. Kg4 Re2 65. Nf3 Rg2+ 0-1

[Event "ESP-ch U16"]
[Site "Salobrena"]
[Date "2022.07.26"]
[Round "3"]
[White "Suarez Gomez, Paula"]
[Black "Moll Gener, Joan"]
[Result "0-1"]
[WhiteElo "1740"]
[BlackElo "2034"]
[PlyCount "83"]
[EventDate "2022.07.25"]
[EventType "swiss"]
[EventRounds "9"]
[EventCountry "ESP"]
[SourceTitle "EXT 2023"]
[Source "ChessBase"]
[SourceDate "2022.10.05"]
[SourceVersion "1"]
[SourceVersionDate "2022.10.05"]
[SourceQuality "1"]

1. e4 c5 2. Ne2 e6 3. g3 Nc6 4. Bg2 Nf6 5. c3 d5 6. exd5 Nxd5 7. d4 Be7 8. 0-0 0-0 9. a4 cxd4 10. Nxd4 Bf6 11. Ne2 Qe7 12. Nf4 Nxf4 13. Bxf4 Be5 14. Be3 Qc7 15. Na3 Bf6 16. Qe2 Bd7 17. Nb5 Qb8 18. Bc5 Ne7 19. Rfd1 Rd8 20. Bd6 Qc8 21. a5 Bc6 22. Bf4 Bxg2 23. Kxg2 Nd5 24. Bd2 Qc6 25. Kg1 a6 26. Na3 Rac8 27. Nc2 h6 28. Ne3 Be7 29. Qg4 Nf6 30. Qa4 Qf3 31. Be1 Bc5 32. Nc4 Ne4 33. Rxd8+ Rxd8 34. Qc2 Ng5 35. Ne5 Nh3+ 36. Kf1 Qh1+ 37. Ke2 Ng1+ 38. Kf1 Nf3+ 39. Ke2 Nxe5 40. Ra4 Qf3+ 41. Kf1 Nd3 42. Rc4 0-1

[Event "ESP-ch States U16"]
[Site "Isla"]
[Date "2022.06.23"]
[Round "2"]
[White "Rodriguez Canovas, Elena"]
[Black "Suarez Gomez, Paula"]
[Result "0-1"]
[WhiteElo "1529"]
[BlackElo "1734"]
[PlyCount "76"]
[EventDate "2022.06.23"]
[EventType "swiss"]
[EventRounds "6"]
[EventCountry "ESP"]
[SourceTitle "EXT 2023"]
[Source "ChessBase"]
[SourceDate "2022.10.05"]
[SourceVersion "1"]
[SourceVersionDate "2022.10.05"]
[SourceQuality "1"]

1. d4 d5 2. Nf3 Nf6 3. g3 e6 4. Bg2 Be7 5. 0-0 0-0 6. c4 c6 7. Qc2 Nbd7 8. b3 b6 9. Bb2 Bb7 10. Nc3 Ba6 11. Nd2 Rc8 12. Rac1 c5 13. dxc5 Nxc5 14. Rfd1 dxc4 15. Nxc4 Qc7 16. Qb1 Qb8 17. Na3 b5 18. b4 Ncd7 19. Nc2 Bb7 20. Bxb7 Qxb7 21. a3 a6 22. Ne3 Nb6 23. Rd4 Rc7 24. Rh4 h6 25. Rd4 Rfc8 26. Rcd1 Rxc3 27. Bxc3 Rxc3 28. Rd8+ Bf8 29. R8d3 Rc8 30. Rc1 Nfd5 31. Nxd5 Nxd5 32. Qb2 Be7 33. Rc2 Bf6 34. Qb3 Rxc2 35. Qxc2 Nb6 36. Qc5 Nc4 37. Rf3 e5 38. a4 Be7 0-1

[Event "Galicia-ch"]
[Site "Padron"]
[Date "2021.04.02"]
[Round "4"]
[White "Suarez Gomez, Paula"]
[Black "Abelleira Gonzalez, Daniel"]
[Result "0-1"]
[WhiteElo "1665"]
[BlackElo "1838"]
[PlyCount "174"]
[EventDate "2021.04.01"]
[EventType "swiss"]
[EventRounds "8"]
[EventCountry "ESP"]
[SourceTitle "CBM 201 Extra"]
[Source "ChessBase"]
[SourceDate "2021.05.31"]
[SourceVersion "1"]
[SourceVersionDate "2021.05.31"]
[SourceQuality "1"]

1. e4 c6 2. d4 d5 3. Nc3 dxe4 4. Nxe4 Nf6 5. Nxf6+ gxf6 6. Nf3 Rg8 7. Qd3 Qa5+ 8. Bd2 Qh5 9. Qb3 a5 10. a4 Bh6 11. 0-0-0 Na6 12. Be2 Rg7 13. Rhe1 Nb4 14. h3 Be6 15. Bc4 Bxc4 16. Qxc4 Rxg2 17. Qe2 e6 18. h4 0-0-0 19. Kb1 Bxd2 20. Rxd2 Qd5 21. b3 Rdg8 22. Qe3 Qh5 23. Kb2 Nd5 24. Qd3 Qh6 25. c4 Nb4 26. Qc3 Qf4 27. Qe3 Qf5 28. Qe4 Qh3 29. Re3 R2g7 30. Ng5 Qh2 31. Nf3 Qd6 32. Ree2 h5 33. Qe3 Rg4 34. Qh6 Qf4 35. Qxf4 Rxf4 36. Re3 Rgg4 37. Kc1 Kd7 38. Kd1 Re4 39. Ke2 Ke7 40. Rb2 e5 41. dxe5 fxe5 42. Rb1 f6 43. Rb2 c5 44. Rd2 Nc6 45. Rdd3 Nd4+ 46. Kd2 Rxe3 47. Rxe3 Nxf3+ 48. Rxf3 Rxh4 49. Ke3 Ke6 50. Rg3 Rg4 51. Rh3 h4 52. Kf3 f5 53. Ke3 Kf6 54. f3 Rd4 55. Rh2 Rf4 56. Rh1 b6 57. Rh2 Rd4 58. Rh1 e4 59. f4 Rd3+ 60. Ke2 h3 61. Rb1 h2 62. Rh1 Rxb3 63. Kf2 Rf3+ 64. Kg2 Rxf4 65. Rxh2 Rg4+ 66. Kf2 f4 67. Rh6+ Rg6 68. Rh4 Kg5 69. Rh2 Rh6 70. Rg2+ Kf5 71. Rg8 Rg6 72. Rf8+ Kg4 73. Rf7 e3+ 74. Ke2 Kg3 75. Rf8 Kg4 76. Rf7 Kg5 77. Rf8 Rf6 78. Rg8+ Kf5 79. Re8 Re6 80. Rf8+ Ke4 81. Rf7 Re5 82. Rf6 Rf5 83. Re6+ Kd4 84. Rd6+ Kxc4 85. Rxb6 f3+ 86. Kf1 Rd5 87. Ke1 Rd2 0-1

[Event "ESP-ch U16"]
[Site "Salobrena"]
[Date "2020.08.14"]
[Round "7"]
[White "Rodriguez Ferreiros, Andres"]
[Black "Suarez Gomez, Paula"]
[Result "1-0"]
[WhiteElo "2053"]
[BlackElo "1665"]
[PlyCount "87"]
[EventDate "2020.08.10"]
[EventType "swiss"]
[EventRounds "9"]
[EventCountry "ESP"]
[SourceTitle "EXT 2021"]
[Source "ChessBase"]
[SourceDate "2020.10.23"]
[SourceVersion "1"]
[SourceVersionDate "2020.10.23"]
[SourceQuality "1"]

1. e4 e6 2. d4 d5 3. Nd2 c5 4. Ngf3 Nc6 5. exd5 Qxd5 6. dxc5 Bxc5 7. Bc4 Qd7 8. 0-0 Nf6 9. a3 0-0 10. b4 Be7 11. Bb2 a6 12. Qe2 Qc7 13. Ne4 e5 14. h3 Nxe4 15. Qxe4 Bf6 16. Rfe1 Nd4 17. Nxe5 Nf5 18. Rad1 Ne7 19. Nxf7 Bf5 20. Nh6+ Kh8 21. Nxf5 Nxf5 22. Bxf6 gxf6 23. Qxf5 Qxc4 24. Rd7 Rf7 25. Ree7 Kg8 26. Rxf7 Qxf7 27. Rxf7 Kxf7 28. Qxh7+ Ke6 29. Qxb7 Rd8 30. Qb6+ Ke7 31. Qxd8+ Kxd8 32. h4 Kc7 33. h5 Kb6 34. h6 Kb5 35. h7 f5 36. h8Q f4 37. Qe5+ Kb6 38. Qc5+ Kb7 39. a4 f3 40. b5 a5 41. Qc6+ Kb8 42. b6 fxg2 43. Qc7+ Ka8 44. Qa7# 1-0

[Event "ESP-ch U14"]
[Site "Salobrena"]
[Date "2020.08.07"]
[Round "7"]
[White "Pinyol I Llora, Julia"]
[Black "Suarez Gomez, Paula"]
[Result "1/2-1/2"]
[WhiteElo "1530"]
[BlackElo "1665"]
[PlyCount "81"]
[EventDate "2020.08.03"]
[EventType "swiss"]
[EventRounds "9"]
[EventCountry "ESP"]
[SourceTitle "EXT 2021"]
[Source "ChessBase"]
[SourceDate "2020.10.23"]
[SourceVersion "1"]
[SourceVersionDate "2020.10.23"]
[SourceQuality "1"]

1. d4 d5 2. c4 e6 3. Nf3 Nf6 4. g3 Be7 5. Bg2 c6 6. 0-0 Nbd7 7. Nbd2 0-0 8. b3 b6 9. Bb2 Ba6 10. Re1 Rc8 11. Rc1 c5 12. cxd5 Nxd5 13. a3 Bb7 14. Nc4 Nb8 15. e3 Nc6 16. a4 Qc7 17. Re2 Rfd8 18. Rd2 cxd4 19. Nxd4 Qb8 20. Qg4 Nf6 21. Qd1 Nxd4 22. Bxd4 Bxg2 23. Kxg2 Qb7+ 24. Kg1 Nd5 25. Qg4 Bf6 26. Rcd1 Qe7 27. Bxf6 Nxf6 28. Qe2 Nd5 29. Rd3 Nb4 30. Rd6 Rxd6 31. Nxd6 Rd8 32. Nc4 g6 33. Rd2 Rxd2 34. Qxd2 Nc6 35. e4 Qd8 36. Qxd8+ Nxd8 37. Kf1 Kf8 38. Nd6 Nc6 39. f4 f6 40. Kf2 Ke7 41. Nc4 1/2-1/2

[Event "Galicia-ch U14"]
[Site "Padron"]
[Date "2020.02.24"]
[Round "6"]
[White "Suarez Gomez, Paula"]
[Black "Perez Estevez, Sergio"]
[Result "1-0"]
[WhiteElo "1700"]
[BlackElo "1523"]
[PlyCount "77"]
[EventDate "2020.02.22"]
[EventType "swiss"]
[EventRounds "8"]
[EventCountry "ESP"]
[SourceTitle "EXT 2023"]
[Source "ChessBase"]
[SourceDate "2022.10.05"]
[SourceVersion "1"]
[SourceVersionDate "2022.10.05"]
[SourceQuality "1"]

1. e4 c5 2. d3 Nc6 3. g3 g6 4. Bg2 Bg7 5. f4 d6 6. c3 e6 7. Nf3 Nge7 8. 0-0 Rb8 9. Be3 b5 10. d4 cxd4 11. cxd4 d5 12. e5 a5 13. Nc3 Ba6 14. Re1 Qb6 15. Qd2 Nf5 16. Bf2 h5 17. h3 a4 18. b3 axb3 19. axb3 0-0 20. g4 hxg4 21. hxg4 Nfe7 22. Nh4 f6 23. exf6 Rxf6 24. g5 Rff8 25. Rxe6 Bc8 26. Ree1 Bxd4 27. Bxd4 Nxd4 28. Kh1 Nxb3 29. Bxd5+ Nxd5 30. Qxd5+ Kh8 31. Qxb3 Bb7+ 32. Ng2 Qf2 33. Ne4 Bxe4 34. Rxe4 Rb7 35. Qc3+ Kg8 36. Re3 b4 37. Qc4+ Kg7 38. Qd4+ Kg8 39. Qd5+ 1-0

[Event "EU-ch U12 Girls"]
[Site "Bratislava"]
[Date "2019.08.09"]
[Round "8"]
[White "Vlasova, Olesia"]
[Black "Suarez Gomez, Paula"]
[Result "1-0"]
[WhiteElo "1799"]
[BlackElo "1547"]
[PlyCount "71"]
[EventDate "2019.08.02"]
[EventType "swiss"]
[EventRounds "9"]
[EventCountry "SVK"]
[SourceTitle "EXT 2020"]
[Source "ChessBase"]
[SourceDate "2019.10.17"]
[SourceVersion "1"]
[SourceVersionDate "2019.10.17"]
[SourceQuality "1"]

1. Nf3 d5 2. g3 Nf6 3. Bg2 Bf5 4. c4 c6 5. cxd5 cxd5 6. Qb3 Qb6 7. Qxb6 axb6 8. Nc3 Nc6 9. 0-0 h6 10. d3 e6 11. Bf4 Be7 12. a3 0-0 13. Rac1 Nh5 14. Bd2 Rfc8 15. Nb5 Bh7 16. Rc2 Na5 17. Rfc1 Rxc2 18. Rxc2 Nc6 19. Nfd4 Nxd4 20. Nxd4 Bd8 21. Nb5 g5 22. Be3 Nf6 23. Nd6 Ng4 24. Bd4 e5 25. h3 exd4 26. hxg4 Bf6 27. Bxd5 Rd8 28. Rc8 Bg6 29. Bxb7 Kf8 30. Nc4 Rxc8 31. Bxc8 Bd8 32. Kg2 Bc7 33. Bf5 Bxf5 34. gxf5 h5 35. Kf3 Ke7 36. a4 1-0

[Event "EU-ch U12 Girls"]
[Site "Bratislava"]
[Date "2019.08.07"]
[Round "6"]
[White "Selvik, Elma"]
[Black "Suarez Gomez, Paula"]
[Result "0-1"]
[WhiteElo "1422"]
[BlackElo "1547"]
[PlyCount "106"]
[EventDate "2019.08.02"]
[EventType "swiss"]
[EventRounds "9"]
[EventCountry "SVK"]
[SourceTitle "EXT 2020"]
[Source "ChessBase"]
[SourceDate "2019.10.17"]
[SourceVersion "1"]
[SourceVersionDate "2019.10.17"]
[SourceQuality "1"]

1. e4 e6 2. d4 d5 3. exd5 exd5 4. Bd3 Bd6 5. Qf3 Ne7 6. Ne2 Nbc6 7. c3 Be6 8. Bf4 Ng6 9. Bxd6 Qxd6 10. 0-0 0-0-0 11. Nd2 Nge7 12. Qf4 h6 13. Qxd6 Rxd6 14. Nf4 Bf5 15. Be2 g5 16. Nh5 Ng8 17. Ng3 Bh7 18. Bh5 f5 19. Rfe1 f4 20. Re8+ Rd8 21. Bg4+ Kb8 22. Rxd8+ Nxd8 23. Ngf1 Nf6 24. h3 Nxg4 25. hxg4 Re8 26. Nh2 Re2 27. Nhf3 Be4 28. Rd1 Nf7 29. Kf1 Bd3 30. Kg1 Kc8 31. Re1 Kd7 32. Rxe2 Bxe2 33. Nb3 b6 34. Kh2 Bxf3 35. gxf3 Nd6 36. Kg2 Nc4 37. Nc1 Nxb2 38. Ne2 Kc6 39. Kf1 Kb5 40. Ke1 Kc4 41. Kd2 Nd3 42. Kc2 Ne1+ 43. Kd2 Nxf3+ 44. Kc2 Nh2 45. Ng1 Nxg4 46. Nh3 Nf6 47. Kd2 Ne4+ 48. Kc2 Nxc3 49. Kb2 Kxd4 50. a3 Nb5 51. Kb3 c5 52. Ka4 Kc4 53. Ng1 Nc3# 0-1

[Event "Padron Pre-Mundial U12"]
[Site "Padron"]
[Date "2018.09.04"]
[Round "3"]
[White "Portela Medrano, Carmen"]
[Black "Suarez Gomez, Paula"]
[Result "1/2-1/2"]
[WhiteElo "1293"]
[BlackElo "1388"]
[PlyCount "71"]
[EventDate "2018.09.03"]
[EventType "swiss"]
[EventRounds "9"]
[EventCountry "ESP"]
[SourceTitle "EXT 2024"]
[Source "ChessBase"]
[SourceDate "2023.10.10"]
[SourceVersion "1"]
[SourceVersionDate "2023.10.10"]
[SourceQuality "1"]

1. e4 e6 2. d4 d5 3. e5 c5 4. c3 Nc6 5. Nf3 Bd7 6. Bd3 cxd4 7. cxd4 Qb6 8. Bc2 Nge7 9. 0-0 Nf5 10. Bxf5 exf5 11. Nc3 Ne7 12. Qe2 h6 13. h4 Rc8 14. Rd1 Qc6 15. Be3 b5 16. a3 a5 17. Rdc1 Qb6 18. b4 axb4 19. axb4 Qb7 20. Ra5 Rb8 21. Ra2 Nc8 22. Qb2 Nb6 23. Nd2 Nc4 24. Qb3 Be7 25. g3 0-0 26. Rb1 Rfc8 27. Ne2 Kf8 28. Qd1 Ra8 29. Rxa8 Rxa8 30. Nc3 Ra3 31. Qc1 Qa8 32. Kh2 Ke8 33. Kg1 Ra7 34. Kh2 Rc7 35. Rb3 Ra7 36. Rb1 1/2-1/2